Pandemie covidu-19 a mezinárodní migrace

Migrácia v čase pandémie. Zamestnávanie migrantov. Anti-migračné nálady v krajinách. Zmeny v migračnej politike.

Salvato in:
Dettagli Bibliografici
Autore principale: Drbohlav, Dušan
Altri autori: Pavelková, Lenka
Natura: Capitolo di libro
Lingua:ceco
Soggetti:
Tags: Aggiungi Tag
Nessun Tag, puoi essere il primo ad aggiungerne!!

MARC

LEADER 00000naa a2200000 4500
001 0280521
005 20240417075149.5
041 0 |a cze 
044 |a CZ 
245 1 0 |a Pandemie covidu-19 a mezinárodní migrace  |c Dušan Drbohlav, Lenka Pavelková 
520 |a Migrácia v čase pandémie. Zamestnávanie migrantov. Anti-migračné nálady v krajinách. Zmeny v migračnej politike. 
610 2 0 |a pandémia 
610 2 0 |a koronavírus 
610 2 0 |a migrácia 
610 2 0 |a zamestnanosť 
610 2 0 |a sily pracovné 
610 2 0 |a politika migračná 
100 1 |a Drbohlav, Dušan 
700 1 |a Pavelková, Lenka